Most Populated Cities in the World - Statistics

General Stats
  • This quiz has been taken 254 times
  • The average score is 21 of 30
Answer Stats
Population Country Answer % Correct
37,732,000 Japan Tokyo
99%
21,859,598 United States New York City
93%
25,514,000 South Korea Seoul
92%
32,226,000 India Delhi
91%
21,804,515 Mexico Mexico City
91%
21,893,095 China Beijing
88%
20,004,462 Russia Moscow
88%
25,582,000 China Shanghai
88%
18,316,743 United States Los Angeles
86%
20,296,000 Egypt Cairo
85%
33,756,000 Indonesia Jakarta
85%
18,007,000 Thailand Bangkok
83%
24,973,000 India Mumbai
82%
15,519,267 Turkey Istanbul
81%
16,710,000 Argentina Buenos Aires
79%
24,922,000 Philippines Manila
76%
23,086,000 Brazil São Paulo
76%
16,896,000 Iran Tehran
70%
21,000,000 Nigeria Lagos
68%
19,303,000 Japan Osaka
67%
19,578,000 Bangladesh Dhaka
63%
15,136,000 Vietnam Ho Chi Minh City
58%
26,940,000 China Guangzhou
53%
20,382,881 Pakistan Karachi
51%
17,071,000 DR Congo Kinshasa
50%
21,747,000 India Kolkata
48%
17,619,000 China Shenzhen
42%
15,386,000 India Bengaluru
35%
32,054,159 China Chongqing
34%
20,937,757 China Chengdu
32%
No matching quizzes found
Score Distribution
Percent of People with Each Score
Percentile by Number Answered
Your Score History
You have not taken this quiz